[Event "FRA-ch U10"]
[Site "Aix les Bains"]
[Date "2006.??.??"]
[Round "4"]
[White "Blanchard, Maxime"]
[Black "Allard, Julien"]
[Result "0-1"]
[WhiteElo "1009"]
[BlackElo "1050"]
[PlyCount "34"]
[EventDate "2006.04.16"]
[EventType "swiss"]
[EventRounds "9"]
[EventCountry "FRA"]
[SourceTitle "EXT 2007"]
[Source "ChessBase"]
[SourceDate "2006.11.23"]
[SourceVersion "1"]
[SourceVersionDate "2006.11.23"]
[SourceQuality "1"]

1. e4 e5 2. Nf3 Nc6 3. d4 exd4 4. Nxd4 Bc5 5. c3 Qf6 6. Bb5 Nxd4 7. cxd4 Bxd4 8. 0-0 c6 9. Bc4 Bxb2 10. Bxb2 Qxb2 11. Nd2 Nf6 12. Bb3 0-0 13. Rc1 Qd4 14. Rc4 Qd6 15. Re1 Ng4 16. Qxg4 Qxd2 17. Rc2 Qxe1# 0-1